MARC

LEADER 00000nam0a2200000 4500
001 151364
005 20231031150623.0
035 |a (RuTPU)RU\TPU\book\164108 
090 |a 151364 
100 |a 20090122d1953 km y0rusy50 ca 
101 0 |a rus 
102 |a RU 
105 |a c a 001zy 
200 1 |a Григорий Самуилович Лансберг  |e библиография  |f Академия наук СССР (АН СССР) ; под ред. Т. О. Вреден-Кобецкой 
210 |a Москва  |c Изд-во АН СССР  |d 1953 
215 |a 58 с.  |c портр. 
225 1 |a Материалы к библиографии ученых 
225 1 |a Серия физики  |v вып. 6 
600 1 |a Ландсберг  |b Г. С.  |g Григорий Самуилович  |c российский физик  |f 1890-1957  |2 stltpush  |3 (RuTPU)RU\TPU\pers\12230 
610 1 |a физики 
610 1 |a библиографии 
610 1 |a персоналии 
610 1 |a библиографические указатели 
610 1 |a теоретическая физика 
610 1 |a исследования 
675 |a 53(092)  |v 3 
702 1 |a Вреден-Кобецкая  |b Т. О.  |4 340 
712 0 2 |a Академия наук СССР (АН СССР)  |2 stltpush  |3 (RuTPU)RU\TPU\col\722 
801 1 |a RU  |b 63413507  |c 20090122  |g PSBO 
801 2 |a RU  |b 63413507  |c 20161109  |g PSBO 
942 |c BK